Star Trek: Starship Classes 🖖🚀 - Statistics

General Stats
  • This quiz has been taken 618 times
  • The average score is 18 of 38
Answer Stats
Affiliation Example of Class Type Answer % Correct
Federation USS Enterprise-D Heavy cruiser Galaxy
94%
Federation USS Enterprise Heavy cruiser Constitution
83%
Federation USS Voyager Light cruiser Intrepid
79%
Borg C___ 630 Dreadnought Cube
77%
Federation USS Enterprise-B Heavy cruiser Excelsior
72%
Borg S_____ 634 Scout Sphere
69%
Federation USS Enterprise-E Heavy cruiser Sovereign
68%
Federation USS Enterprise-C Heavy cruiser Ambassador
66%
Federation USS D______ Destroyer Defiant
65%
Federation USS Stargazer Cruiser Constellation
63%
Earth Enterprise Heavy cruiser NX
62%
Federation USS Rio Grande Auxiliary Danube
57%
Federation USS Saratoga Light cruiser Miranda
56%
Klingon IKS Rotarran Bird of prey B'rel
55%
Romulan IRW Khazara Battlecruiser D'deridex
52%
Federation USS Sutherland Heavy cruiser Nebula
51%
Federation USS Thunderchild Heavy cruiser Akira
49%
Federation USS Equinox Scout Nova
48%
Klingon IKS Koraga Bird of prey K'vort
47%
Federation USS Cerritos Auxiliary California
46%
Cardassian CDS Prakesh Medium cruiser Galor
46%
Borg T_______ C___ 138 Battleship Tactical Cube
44%
Federation USS Pegasus Scout Oberth
41%
Federation USS P__________ Light cruiser Prometheus
40%
Romulan IRW S_______ Dreadnought Scimitar
40%
Federation USS Discovery Destroyer Crossfield
37%
Klingon IKS Gr'oth Battlecruiser D7
37%
Romulan ChR Memenda Battlecruiser D7
37%
Klingon IKS Bortas Battlecruiser Vor'cha
36%
Klingon Kronos One Battlecruiser K't'inga
34%
Klingon IKS N_______ Battlecruiser Negh'Var
31%
Federation USS Bozeman Light cruiser Soyuz
29%
Cardassian CDS Koranak Battlecruiser Keldon
26%
Ferengi FMS Krayton Battlecruiser D'Kora
23%
Federation USS Shenzhou Light cruiser Walker
22%
Andorian IGS K_____ Battlecruiser Kumari
20%
Klingon IKS Klothos Battlecruiser D5
17%
Klingon IKS Somraw Bird of prey Raptor
11%
No matching quizzes found
Score Distribution
Percent of People with Each Score
Percentile by Number Answered
Your Score History
You have not taken this quiz